Statistics for Musicians By Song

Click here to take the quiz!

General Stats

  • This quiz has been taken 136 times
  • The average score is 11 of 16

Answer Stats

SongMusician% Correct
Dancing QueenABBA
93%
Beat ItMichael Jackson
93%
Smells Like Teen SpiritNirvana
93%
I Will Always Love YouWhitney Houston
83%
Moves Like JaggerMaroon 5
75%
Don't Stop Me NowQueen
75%
Blue Suede ShoesElvis Presley
66%
Eye Of The TigerSurvivor
64%
Ring Of FireJohnny Cash
63%
Master Of PuppetsMetallica
60%
Anarchy In The U.K.Sex Pistols
60%
I Gotta FeelingThe Black Eyed Peas
59%
Just The Way You AreBruno Mars
53%
Rock And Roll All NiteKiss
53%
Ace Of SpadesMotörhead
46%
Paranoid AndroidRadiohead
42%

Score Distribution

Percentile by Number Answered

Percent of People with Each Score

Your Score History

You have not taken this quiz